| 000 | 00975nam a22002295i 4500 | ||
|---|---|---|---|
| 001 | 102842 | ||
| 003 | ES-MaACL | ||
| 005 | 20250730025318.0 | ||
| 007 | t| | ||
| 008 | 950926s1894 sp ||||1| spa d | ||
| 040 |
_aCAM _bspa _cCAM |
||
| 100 | 1 |
_aEspina y Capo, Antonio, _d1850-1930 _947840 |
|
| 245 | 1 | 0 |
_aTratamiento de las complicaciones de la tuberculosis laringo-pulmonar _b: / _c: lecciones dadas en el curso libre de clínica médica del Hospital General / por Antonio Espina y Capo. |
| 260 |
_aMadrid : _b[s.n.], _c1894 ( _fImpr. y Librería de Nicolás Moya) |
||
| 300 |
_aXV, 307 p. ; _c22 cm. |
||
| 490 | 1 | _aEstudios de terapéutica. Segunda serie | |
| 650 | 0 | 7 |
_aTuberculosis _2embne _917658 |
| 830 | 0 |
_aEstudios de terapéutica. Segunda serie _9226588 |
|
| 852 |
_aES-MaACL _jF-13327 |
||
| 856 |
_uhttp://bibliotecadigitalhispanica.bne.es:80/webclient/DeliveryManager?pid=1832517&custom_att_2=simple_viewer _zIr a la página |
||
| 999 |
_c102842 _d102842 |
||